01007nam a2200277 a 450000100060000000300080000600500170001400800410003102000180007203500190009004000270010904100080013608200280014409000080017210000310018024500580021126000550026930000210032452000800034565100540042565100420047971000430052194200120056499900170057695201360059357858BD-RjUL20211209080547.0161212s2008 hk 000 0 eng  a9789628314362 a(BD-RjUL)57982 aDLCcDLCbengdBD-RjUL aeng 223a320.95493bLAC 2008 aLCo10aLawrence, Patrick.917185710aConversations in a failing state /cPatrick Lawrence. aHong Kong :bAsian Human Rights Commission,c2008. a204 p. ;c24 cm. aPolitical and social conditions of Sri Lanka; observations of a journalist. 0aSri LankaxPolitics and governmenty1978-9171858 0aSri LankaxSocial conditions.91718592 aAsian Human Rights Commission.9171860 2ddccBK c57858d57858 00102ddc40718NFICaRUCLbRUCLcReadingd2008-08-19eZeitlingerl0o320.95493 LAC 2008r2016-12-12 00:00:00tC-1w2016-12-12yBK